Personnes célèbres d'Île de France par images - Statistiques

Statistiques générales
  • Ce quiz a été pris 10 664 fois
    10 580 depuis la dernière actualisation
  • Le résultat moyen est 9 sur 16
Statistiques - réponses
Par images Réponse % Correct
Marine Le Pen
98%
Omar Sy
97%
Louis de Funès
94%
Coluche
88%
Louis XIV
86%
Thierry Henry
84%
Nathalie Odzierejko (Natoo)
80%
Jean-Jacques Goldman
71%
Voltaire
49%
France Gall
48%
Isabelle Adjani
37%
Léa Seydoux
34%
Clémentine Autain
28%
Agnès Jaoui
15%
Niki de Saint Phalle
13%
Louis Braille
7%
Aucun quiz correspondant
Distribution des résultats
% des personnes avec chaque résultat
Percentile par nombre de réponses
Votre historique - résultats
Vous n’avez pas pris ce quiz depuis la dernière actualisation